| 000 | 00339nam a22001217a 4500 | ||
|---|---|---|---|
| 999 |
_c7862 _d7863 |
||
| 008 | 190418b ||||| |||| 00| 0 eng d | ||
| 082 | _a613.7 R16h 2006 | ||
| 100 | _aRama, Swami | ||
| 245 |
_aHimalayan Yoga Tradition ; _bTeacher Training Program. |
||
| 260 |
_aUSA ; _bHonedale Pensylvania, _c2006. |
||
| 300 |
_a160 p. _c30 cm. |
||
| 942 | _2ddc | ||